Normal view
MARC view
- التربية والتعليم-تعلم-تعليم
Entry Topical Term
001 - CONTROL NUMBER
- control field: 41571
003 - CONTROL NUMBER IDENTIFIER
- control field: JO-AjAnu
005 - DATE AND TIME OF LATEST TRANSACTION
- control field: 20230606080914.0
008 - FIXED-LENGTH DATA ELEMENTS
- fixed length control field: 230606|| aca||aabn | a|a d
040 ## - CATALOGING SOURCE
- Original cataloging agency: JO-AjAnu
- Transcribing agency: JO-AjAnu
150 ## - HEADING--TOPICAL TERM
- Topical term or geographic name entry element: التربية والتعليم-تعلم-تعليم
670 ## - SOURCE DATA FOUND
- Source citation: Work cat.: (JO-AjAnu)21301: الزيود، نادر فهمي مؤلف/هندي، صالح ذياب م.مشارك/عليان، هشام عامر م.مشارك/كوافحة،ت يسير مفلح م.مشارك, author 41570, التعلم والتعليم الصفي